000 00791nam a2200289 a 4500
999 _c7853
_d7853
001 991024147239706706
003 OSt
005 20240207100437.0
008 901001s1973 sp |||||| 000 ||spa|c
017 _aDL BI. 1974-1973
020 _a8423401766
035 _a(ES-BaCBU).b16239945
035 _a(OCoLC)803209446
040 _aES-BaCBU
_bcat
_cCDMR
080 _a316.35
100 1 _aRiccardi, Riccardo
_9770
245 1 0 _aReunir, hablar y persuadir /
_cpor Riccardo Riccardi
250 _a4a ed
260 _aBilbao :
_bDeusto,
_c1973
300 _a247 p. :
_bgràf. ;
_c24 cm
650 7 _aReunions
650 0 _aOratòria
_93131
650 7 _aLideratge
907 _a.b16239945
_b15-06-21
_c07-05-08
_d01-10-90
_em
_fa
_g-
_hspa
_isp
_j0
_k1
908 _aUB
942 _2udc
_cMON